00526nam a2200157Ia 4500003000400000005001700004008004000021040000700061041001200068082001700080100002900097245019200126250000600318260003600324300000800360OSt20230413164318.0210210b2008 xxu||||| |||| 00| 0 eng d cAL aKonkani a891.468 PINK aPINTO (Shirtadi Villiam) aKanun darshan: loka faydyachya kanunanchi mahethbಕಾನೂನ್ ದರ್ಶನ್ : ಲೋಕ ಫಾಯ್ದ್ಯಾಚ್ಯಾ ಕಾನುನಾಚಿ ಮಾಹೆತ್  a5 aManglurbRakno Prakashan.c2008 a238